[Event "23rd 4NCL Congress"]
[Site "South Normanton"]
[Date "2019.10.05"]
[Round "3.2"]
[White "Graham, Neil"]
[Black "Davies, Peter L"]
[Result "1/2-1/2"]
[WhiteElo "1769"]
[BlackElo "1933"]
[PlyCount "45"]
[EventDate "2019.10.04"]

1. d4 Nf6 2. f3 d5 3. e4 e6 4. e5 Nfd7 5. Be3 c5 6. c3 Nc6 7. f4 a6 8. Nf3 b5
9. a3 Na5 10. b4 cxd4 11. Nxd4 Nc4 12. Bxc4 bxc4 13. O-O Qc7 14. Nd2 Be7 15.
N2f3 Nb6 16. a4 Bd7 17. a5 Nc8 18. Qb1 Na7 19. g4 f6 20. exf6 gxf6 21. h3 O-O-O
22. Ne2 Rdf8 23. Bb6 1/2-1/2

[Event "23rd 4NCL Congress"]
[Site "South Normanton"]
[Date "2019.10.05"]
[Round "3.3"]
[White "Clegg, Robert"]
[Black "Spanton, Tim R"]
[Result "0-1"]
[WhiteElo "1741"]
[BlackElo "1900"]
[PlyCount "76"]
[EventDate "2019.10.04"]

1. d4 d5 2. c4 e6 3. Nc3 Nf6 4. cxd5 exd5 5. Bg5 Be7 6. e3 O-O 7. Bd3 Nbd7 8.
Nge2 Re8 9. O-O Nf8 10. a3 c6 11. b4 a6 12. Qb3 Ng4 13. Bf4 Ng6 14. Bg3 Bd6 15.
h3 Bxg3 16. Nxg3 Nf6 17. a4 Be6 18. Qc2 Qd7 19. f4 Bxh3 20. f5 Rxe3 21. Nce2
Bxg2 22. Kxg2 Nh4+ 23. Kf2 Ng4+ 24. Ke1 Qd6 25. Nh1 Rae8 26. Kd2 Qh2 27. Rad1
Nf3+ 28. Rxf3 Rxf3 29. Kc1 Rfe3 30. Qd2 Qh6 31. Kc2 Qd6 32. Rg1 h5 33. Nhg3 Nf6
34. Nf1 R3e7 35. Kd1 Ne4 36. Qe1 Qf6 37. Nfg3 Nxg3 38. Qxg3 Re3 0-1

[Event "23rd 4NCL Congress"]
[Site "South Normanton"]
[Date "2019.10.05"]
[Round "3.4"]
[White "Dunkley, Michael"]
[Black "Bromilow, Edward T"]
[Result "1-0"]
[WhiteElo "1732"]
[BlackElo "1867"]
[PlyCount "61"]
[EventDate "2019.10.04"]

1. e4 c6 2. Nc3 d5 3. Nf3 Nf6 4. e5 Ne4 5. Qe2 Bf5 6. d3 Nc5 7. Bf4 e6 8. g3
Be7 9. Bg2 Qb6 10. Rb1 Qa6 11. O-O h6 12. h4 Nxd3 13. cxd3 Bxd3 14. Qd2 Bxb1
15. Rxb1 Nd7 16. Bf1 Qb6 17. Kg2 a6 18. Bd3 Qa5 19. a3 c5 20. Bc2 b5 21. Qe2
Qb6 22. Rd1 O-O-O 23. Rxd5 exd5 24. Nxd5 Qe6 25. Qe4 Rhe8 26. Nxe7+ Rxe7 27.
Qa8+ Nb8 28. Bf5 Qxf5 29. e6 Rb7 30. Bxb8 Rxb8 31. Qc6# 1-0

[Event "23rd 4NCL Congress"]
[Site "South Normanton"]
[Date "2019.10.05"]
[Round "3.5"]
[White "Brown, Geoffrey M"]
[Black "Zheng, Harry Z"]
[Result "1-0"]
[WhiteElo "1861"]
[BlackElo "1765"]
[PlyCount "45"]
[EventDate "2019.10.04"]

1. f4 e5 2. fxe5 d6 3. exd6 Bxd6 4. Nf3 Nf6 5. d4 O-O 6. e3 Re8 7. Bd3 Bf4 8.
O-O Bxe3+ 9. Bxe3 Rxe3 10. Qd2 Re8 11. c3 b6 12. Na3 Bb7 13. Rae1 Nbd7 14. Nc4
c5 15. Rxe8+ Nxe8 16. Ng5 Ndf6 17. Ne5 Nd6 18. Qc2 h6 19. Nexf7 Nxf7 20. Bh7+
Nxh7 21. Qxh7+ Kf8 22. Rxf7+ Ke8 23. Qg8# 1-0

[Event "23rd 4NCL Congress"]
[Site "South Normanton"]
[Date "2019.10.05"]
[Round "3.6"]
[White "Lv, Jason"]
[Black "Garnett, John S"]
[Result "0-1"]
[WhiteElo "1498"]
[BlackElo "1861"]
[PlyCount "106"]
[EventDate "2019.10.04"]

1. d4 Nf6 2. Nf3 d5 3. c4 c6 4. Nc3 dxc4 5. a4 Bf5 6. Bf4 e6 7. e3 Bb4 8. Bxc4
O-O 9. O-O Nbd7 10. h3 Nb6 11. Bd3 Bxd3 12. Qxd3 Nbd5 13. Bh2 Bd6 14. e4 Bxh2+
15. Kxh2 Nxc3 16. bxc3 Qc7+ 17. Kg1 Rfd8 18. Qe3 Rac8 19. Rab1 b6 20. c4 c5 21.
d5 exd5 22. exd5 Re8 23. Qd3 Qd7 24. a5 Rb8 25. axb6 Rxb6 26. Rxb6 axb6 27. Rb1
Qd6 28. Nd2 Nd7 29. Ne4 Qg6 30. f3 Ne5 31. Qc3 f5 32. Nd2 Nd7 33. Nf1 Re2 34.
g3 f4 35. Rb2 Rxb2 36. Qxb2 fxg3 37. Qe2 h5 38. h4 Qf6 39. Qe4 Qe5 40. Kg2 Qxe4
41. fxe4 Ne5 42. Ne3 Kf7 43. Kxg3 Kf6 44. Kf4 Nd3+ 45. Kf3 g5 46. hxg5+ Kxg5
47. Kg3 h4+ 48. Kh3 Nf2+ 49. Kg2 Nxe4 50. Nc2 Nd6 51. Na3 Kg4 52. Nb5 Nxb5 53.
cxb5 Kf5 0-1

[Event "23rd 4NCL Congress"]
[Site "South Normanton"]
[Date "2019.10.05"]
[Round "3.7"]
[White "Taylor, Robert P"]
[Black "Whitehead, Mark A"]
[Result "1/2-1/2"]
[WhiteElo "1692"]
[BlackElo "1847"]
[PlyCount "77"]
[EventDate "2019.10.04"]

1. d4 Nf6 2. Bg5 e6 3. Nd2 d5 4. e3 Be7 5. Bd3 Nbd7 6. Ngf3 c5 7. c3 O-O 8. Qe2
a6 9. a4 Qb6 10. b3 Qc7 11. O-O b6 12. Rac1 Bb7 13. c4 dxc4 14. Bxc4 Rfc8 15.
Rc2 cxd4 16. Nxd4 Qd8 17. Rfc1 Ba3 18. Ra1 Qf8 19. Rca2 Bb4 20. f3 h6 21. Bh4
e5 22. Nc2 Bc3 23. Rc1 b5 24. axb5 axb5 25. Rxa8 Bxa8 26. Bd3 b4 27. Nc4 Nc5
28. Rb1 e4 29. fxe4 Nfxe4 30. Be1 Bxe1 31. Rxe1 Nc3 32. Qf1 Nxb3 33. Nb6 Rd8
34. Bc4 Nd2 35. Qf4 b3 36. Bxb3 Nxb3 37. Nxa8 Rxa8 38. Qc4 Nd2 39. Qxc3 1/2-1/2

[Event "23rd 4NCL Congress"]
[Site "South Normanton"]
[Date "2019.10.05"]
[Round "3.8"]
[White "Bryant, Richard Be"]
[Black "Davies, Sam"]
[Result "1/2-1/2"]
[WhiteElo "1845"]
[BlackElo "1720"]
[PlyCount "124"]
[EventDate "2019.10.04"]

1. e4 e6 2. d4 d5 3. Nc3 Nf6 4. e5 Nfd7 5. Nce2 c5 6. c3 Nc6 7. Nf3 b5 8. Nf4
b4 9. Bb5 Qb6 10. Ba4 a5 11. O-O Ba6 12. Re1 Be7 13. Be3 O-O 14. Rc1 Bb5 15.
Bc2 cxd4 16. cxd4 Rac8 17. Bb1 Na7 18. Rxc8 Rxc8 19. h4 Qd8 20. h5 Nb6 21. Nh3
Na4 22. Bc1 Nc6 23. Qc2 g6 24. hxg6 fxg6 25. Qd1 Kg7 26. Nf4 Qd7 27. Qd2 Rh8
28. Nh3 Qa7 29. Qf4 Qa6 30. Nfg5 Nd8 31. Re3 Qa7 32. Rg3 Bxg5 33. Nxg5 Qe7 34.
Nf3 Be2 35. Qg5 Qxg5 36. Bxg5 Bxf3 37. Rxf3 Kg8 38. Bf6 Nc6 39. Bxh8 Kxh8 40.
Rf7 g5 41. Rxh7+ Kg8 42. Rh5 Nxd4 43. Rxg5+ Kf8 44. Rg4 Nc6 45. f4 Nxb2 46. Rg6
Nd4 47. Rf6+ Kg7 48. Rg6+ Kf7 49. Rh6 Ne2+ 50. Kf2 Nc3 51. Rh7+ Kg8 52. Ra7
Nxb1 53. Rxa5 Nc3 54. Ra8+ Kf7 55. Ke3 Nc4+ 56. Kd3 Na4 57. g3 Nab2+ 58. Kc2 d4
59. Rd8 d3+ 60. Rxd3 Nxd3 61. Kxd3 Nb6 62. Kd4 Kg6 1/2-1/2

[Event "23rd 4NCL Congress"]
[Site "South Normanton"]
[Date "2019.10.05"]
[Round "3.9"]
[White "Tokeley, Rob"]
[Black "Zheng, Jerry Z"]
[Result "1-0"]
[WhiteElo "1840"]
[BlackElo "1581"]
[PlyCount "109"]
[EventDate "2019.10.04"]

1. d4 Nf6 2. Nf3 e6 3. Bg5 h6 4. Bxf6 Qxf6 5. e4 d5 6. e5 Qd8 7. Bd3 c5 8. c3
Nc6 9. O-O Bd7 10. dxc5 Bxc5 11. b4 Be7 12. Nbd2 Qc7 13. Re1 a6 14. Nb3 Rc8 15.
Rc1 Qb8 16. Nbd4 Nxd4 17. Nxd4 Bg5 18. Qg4 Bxc1 19. Qxg7 Bg5 20. Qxh8+ Ke7 21.
Qh7 Rxc3 22. h4 Bf4 23. Qg7 Bxe5 24. Rxe5 Rxd3 25. Nf5+ Kd8 26. Qf8+ Be8 27.
Qe7+ Kc8 28. Nd6+ Qxd6 29. Qxd6 Rc3 30. Rh5 Rc6 31. Qe7 Bd7 32. Rxh6 Kc7 33.
Rh8 f5 34. Qd8+ Kd6 35. Qb8+ Rc7 36. Qf8+ Ke5 37. f4+ Ke4 38. Qd6 Rc1+ 39. Kh2
Bc6 40. Rh6 Kd4 41. Rxe6 Kd3 42. Qe5 d4 43. Qxf5+ Kd2 44. Rd6 Rc4 45. Qe5 d3
46. Qf5 Rc3 47. h5 Ke2 48. Qe5+ Kd2 49. h6 Kc2 50. h7 d2 51. Qd4 Kb2 52. Qxd2+
Rc2 53. h8=Q+ Kb1 54. Qd1+ Rc1 55. Qb3# 1-0

[Event "23rd 4NCL Congress"]
[Site "South Normanton"]
[Date "2019.10.05"]
[Round "3.10"]
[White "Hirst, Joe"]
[Black "Ukken, Somton"]
[Result "1/2-1/2"]
[WhiteElo "1660"]
[BlackElo "1876"]
[PlyCount "49"]
[EventDate "2019.10.04"]

1. e4 Nc6 2. Nf3 f5 3. e5 d6 4. d4 dxe5 5. Nxe5 Qxd4 6. Nxc6 Qe4+ 7. Be2 Qxc6
8. O-O e5 9. Nc3 a6 10. Bf3 Qd6 11. Qe2 Be7 12. Rd1 Qe6 13. Bd5 Qf6 14. Bxg8
Rxg8 15. Nd5 Qd6 16. Qh5+ g6 17. Qxh7 Rf8 18. Bh6 Rf7 19. Qg8+ Bf8 20. Nf4 Qf6
21. Nxg6 Bd7 22. Bxf8 O-O-O 23. Rxd7 Rfxd7 24. h4 Rf7 25. h5 1/2-1/2

[Event "23rd 4NCL Congress"]
[Site "South Normanton"]
[Date "2019.10.05"]
[Round "3.12"]
[White "Bridgeman, Niamh"]
[Black "Sudar, Dragoljub"]
[Result "1-0"]
[WhiteElo "1534"]
[BlackElo "1810"]
[PlyCount "98"]
[EventDate "2019.10.04"]

1. f4 d5 2. Nf3 Nf6 3. e3 c5 4. b3 Nc6 5. Bb2 e6 6. Bb5 Bd7 7. O-O Be7 8. d3
Qb6 9. Bxc6 Bxc6 10. c4 dxc4 11. dxc4 Rd8 12. Qe2 O-O 13. Nc3 Qc7 14. Rad1 a6
15. Ne5 Bd6 16. Nxc6 Qxc6 17. e4 Be7 18. e5 Nd7 19. Rf3 f6 20. exf6 Bxf6 21.
Na4 Bxb2 22. Nxb2 Nf6 23. Re3 Rxd1+ 24. Nxd1 Rd8 25. Nc3 Kf7 26. f5 exf5 27.
Re7+ Kf8 28. Qe5 Re8 29. Rxe8+ Qxe8 30. Qxc5+ Qe7 31. Qxe7+ Kxe7 32. Kf2 Kd6
33. h3 Ke5 34. Ke3 g5 35. g3 h5 36. Ne2 Nd7 37. h4 gxh4 38. gxh4 Nf6 39. Nf4
Ng4+ 40. Kf3 Nf6 41. Ke3 a5 42. Nd3+ Kd6 43. Kf4 Ne4 44. Kxf5 Nc3 45. Kg6 Nxa2
46. Kxh5 Ke7 47. Kg6 Nc3 48. Nc5 b6 49. Na4 b5 1-0

[Event "23rd 4NCL Congress"]
[Site "South Normanton"]
[Date "2019.10.05"]
[Round "3.13"]
[White "Obi, Marc On"]
[Black "Potter, Steven"]
[Result "0-1"]
[WhiteElo "1802"]
[BlackElo "1720"]
[PlyCount "81"]
[EventDate "2019.10.04"]

1. d4 e6 2. Bf4 b6 3. Nf3 Bb7 4. Nbd2 f5 5. e3 Nf6 6. c4 Bb4 7. Bd3 O-O 8. O-O
Nc6 9. Bg5 Qe8 10. Bxf6 Rxf6 11. e4 Qh5 12. exf5 Rh6 13. h3 Bxd2 14. Qxd2 Nxd4
15. Nxd4 Bxg2 16. f4 Bxf1 17. Bxf1 exf5 18. Qf2 Re8 19. Nf3 Rhe6 20. Re1 c5 21.
Rxe6 Rxe6 22. Ng5 Re7 23. Qg2 Qg6 24. Qd5+ Kf8 25. Bd3 Qh5 26. Qxf5+ Ke8 27.
Qg4 Qxg4+ 28. hxg4 Re1+ 29. Kf2 Ra1 30. Bxh7 Rxa2 31. Ke3 Rxb2 32. Kd3 a5 33.
Kc3 Rg2 34. Kb3 Rxg4 35. Nh3 Rg3+ 36. Ka4 Rxh3 37. Bf5 Rf3 38. Bg6+ Ke7 39. f5
Rf2 40. Kb3 d6 41. Bh7 0-1

[Event "23rd 4NCL Congress"]
[Site "South Normanton"]
[Date "2019.10.05"]
[Round "3.14"]
[White "Dean, Robert A"]
[Black "Walshaw, David"]
[Result "1-0"]
[WhiteElo "1750"]
[BlackElo "1646"]
[PlyCount "49"]
[EventDate "2019.10.04"]

1. Nf3 g6 2. d4 Bg7 3. Bg5 c5 4. e3 Nc6 5. c3 cxd4 6. exd4 d5 7. Nbd2 Nf6 8.
Bd3 Qc7 9. O-O O-O 10. Re1 Nh5 11. Bb5 Re8 12. Bh4 Bd7 13. Bxc6 Bxc6 14. Ne5 f6
15. Nd3 e5 16. Qb3 Kh8 17. Nc5 b6 18. Na6 Qd7 19. Nb4 Bh6 20. Nf1 Rad8 21. Ng3
Re6 22. Nxc6 Qxc6 23. Nxh5 gxh5 24. dxe5 Qe8 25. Bxf6+ 1-0

[Event "23rd 4NCL Congress"]
[Site "South Normanton"]
[Date "2019.10.05"]
[Round "3.15"]
[White "Radford, Mark Sr"]
[Black "Gibbs, Dominic V"]
[Result "1/2-1/2"]
[WhiteElo "1643"]
[BlackElo "1930"]
[PlyCount "63"]
[EventDate "2019.10.04"]

1. Nf3 g6 2. c4 Bg7 3. Nc3 d6 4. g3 e5 5. Bg2 Nc6 6. Rb1 f5 7. d3 Nf6 8. O-O
O-O 9. b4 h6 10. b5 Ne7 11. Qb3 g5 12. c5+ Kh8 13. cxd6 cxd6 14. a4 f4 15. Nd2
Rb8 16. Ba3 Ne8 17. Nce4 Nf5 18. Rfc1 Nd4 19. Qd1 Rf7 20. e3 Nf5 21. exf4 gxf4
22. Qh5 Kg8 23. Nf3 Nd4 24. Nxd4 exd4 25. Re1 Rf5 26. Qg6 d5 27. Ng5 Nf6 28.
Qf7+ Kh8 29. Nf3 Ne4 30. Qg6 Rf6 31. Qh5 Rf5 32. Qg6 1/2-1/2

[Event "23rd 4NCL Congress"]
[Site "South Normanton"]
[Date "2019.10.05"]
[Round "3.18"]
[White "Mendis, Vidura"]
[Black "Livesey, R  Nigel"]
[Result "1/2-1/2"]
[WhiteElo "1544"]
[BlackElo "1740"]
[PlyCount "75"]
[EventDate "2019.10.04"]

1. e4 c6 2. d4 d5 3. exd5 cxd5 4. Bd3 Nc6 5. c3 g6 6. Nf3 Bg7 7. O-O Nh6 8. Bf4
O-O 9. Nbd2 f6 10. Re1 Nf7 11. Bc2 e5 12. dxe5 fxe5 13. Be3 e4 14. Nd4 Nxd4 15.
cxd4 Nd6 16. Rc1 Nf5 17. Bb3 Kh8 18. Rc5 Ne7 19. Qc2 Bf5 20. Rc1 Qd6 21. Nb1
Rac8 22. Qd2 Be6 23. Na3 a6 24. Ba4 b6 25. R5c2 Bd7 26. Bxd7 Qxd7 27. Qb4 b5
28. Bg5 Rxc2 29. Nxc2 Nc6 30. Qa3 Qf5 31. Be3 Rc8 32. Qxa6 Nxd4 33. Nxd4 Rxc1+
34. Bxc1 Bxd4 35. Qa8+ Kg7 36. Qb7+ Kf6 37. Qc6+ Kf7 38. Qc7+ 1/2-1/2

[Event "23rd 4NCL Congress"]
[Site "South Normanton"]
[Date "2019.10.05"]
[Round "3.19"]
[White "Shore, James R"]
[Black "Dewangan, Aayush"]
[Result "1/2-1/2"]
[WhiteElo "1651"]
[BlackElo "1440"]
[PlyCount "85"]
[EventDate "2019.10.04"]

1. c4 e5 2. Nc3 Nf6 3. e4 c5 4. d3 Nc6 5. Nf3 d6 6. h3 Be7 7. Be3 h6 8. Be2 Be6
9. Qd2 Nd4 10. O-O Qc8 11. Kh2 Nd7 12. Ng1 g5 13. Nd5 Bxd5 14. cxd5 Nb6 15. Bg4
Qc7 16. Bxd4 exd4 17. Rac1 Nd7 18. f4 gxf4 19. Qxf4 Ne5 20. Rcd1 Bg5 21. Qf5
Nxg4+ 22. Qxg4 f6 23. h4 Kf7 24. hxg5 hxg5+ 25. Nh3 Qe7 26. Kg1 Rag8 27. Rxf6+
Kxf6 28. Rf1+ Kg6 29. Rf5 Rxh3 30. gxh3 Rh8 31. Qg3 Rh4 32. Kg2 Rxe4 33. dxe4
Qxe4+ 34. Rf3 Qxd5 35. b3 d3 36. Qe1 b5 37. Qc3 c4 38. Qf6+ Kh5 39. Qh8+ Kg6
40. Qf6+ Kh5 41. Qh8+ Kg6 42. Qf6+ Kh7 43. Qe7+ 1/2-1/2

[Event "23rd 4NCL Congress"]
[Site "South Normanton"]
[Date "2019.10.05"]
[Round "3.20"]
[White "Sunny, Saurav"]
[Black "Maladkar, Lavanya"]
[Result "0-1"]
[WhiteElo "1362"]
[BlackElo "1647"]
[PlyCount "106"]
[EventDate "2019.10.04"]

1. Nf3 d5 2. e3 c5 3. d4 e6 4. c4 Nf6 5. Nc3 cxd4 6. exd4 Nc6 7. Be2 Be7 8. O-O
O-O 9. Bf4 b6 10. cxd5 Nxd5 11. Nxd5 Qxd5 12. Qa4 Bb7 13. Rac1 Rfd8 14. Rfd1 a6
15. Qb3 Qxb3 16. axb3 Rac8 17. Be3 Bf6 18. Rd2 b5 19. h3 h6 20. Bd1 Rd7 21. Be2
Rcd8 22. Rcd1 Na5 23. Rd3 Be4 24. Rc3 b4 25. Rc5 Nxb3 26. Rc4 a5 27. Nd2 Nxd2
28. Rxd2 Bb7 29. Bf3 Bxf3 30. gxf3 e5 31. Rc5 exd4 32. Bf4 Rd5 33. Rxd5 Rxd5
34. Rd3 Rc5 35. Kf1 Rc2 36. b3 Kf8 37. Bb8 Ke8 38. Ba7 Rc3 39. Ke2 Rc2+ 40. Kf1
Rc3 41. Ke2 g6 42. Bb6 Rc2+ 43. Kf1 Ra2 44. Bc5 Ra3 45. Ke2 Kd7 46. f4 Kc6 47.
Bf8 h5 48. Kd1 Kd5 49. f3 Ra1+ 50. Ke2 Rh1 51. Kf2 Rh2+ 52. Kg3 Rc2 53. Rd1 a4
0-1

[Event "23rd 4NCL Congress"]
[Site "South Normanton"]
[Date "2019.10.06"]
[Round "4.1"]
[White "Spanton, Tim R"]
[Black "Dunkley, Michael"]
[Result "1-0"]
[WhiteElo "1900"]
[BlackElo "1732"]
[PlyCount "90"]
[EventDate "2019.10.04"]

1. e4 e6 2. d4 d5 3. exd5 exd5 4. Nf3 Bd6 5. Bd3 Nc6 6. O-O Nge7 7. Re1 O-O 8.
c3 Bf5 9. Nh4 Bxd3 10. Qxd3 Qd7 11. Nd2 Qg4 12. Ndf3 h6 13. h3 Qd7 14. Ne5 Bxe5
15. dxe5 g5 16. Nf3 Qf5 17. Qxf5 Nxf5 18. g4 Ng7 19. Nd4 Nxd4 20. cxd4 Ne6 21.
Be3 a5 22. Kg2 Kg7 23. h4 b6 24. Rac1 a4 25. Rh1 Rg8 26. hxg5 hxg5 27. Kg3 Ra5
28. Rhd1 Rb5 29. Rd2 Rh8 30. f4 gxf4+ 31. Bxf4 Rb4 32. Be3 Rb5 33. Rf1 Rh7 34.
Rf6 Rb4 35. g5 Nf8 36. Rc2 c5 37. dxc5 d4 38. Bd2 d3 39. Rc3 Rxb2 40. c6 Rxd2
41. c7 Rhh2 42. c8=Q Ne6 43. Rxf7+ Kxf7 44. g6+ Kxg6 45. Qxe6+ Kg5 1-0

[Event "23rd 4NCL Congress"]
[Site "South Normanton"]
[Date "2019.10.06"]
[Round "4.2"]
[White "Garnett, John S"]
[Black "Brown, Geoffrey M"]
[Result "1/2-1/2"]
[WhiteElo "1861"]
[BlackElo "1861"]
[PlyCount "65"]
[EventDate "2019.10.04"]

1. d4 e6 2. Nf3 f5 3. d5 Nf6 4. dxe6 d5 5. Bg5 Bxe6 6. Nc3 Bb4 7. Qd3 Nc6 8.
O-O-O Bxc3 9. Qxc3 O-O 10. Bxf6 Qxf6 11. Qxf6 Rxf6 12. e3 h6 13. Bb5 Nd8 14.
Nd4 c6 15. Nxe6 Nxe6 16. Be2 f4 17. exf4 Rxf4 18. f3 Re8 19. g3 Rd4 20. Rxd4
Nxd4 21. Bd1 Kf7 22. Kd2 Kf6 23. Re1 Rxe1 24. Kxe1 c5 25. Kd2 b6 26. c3 Nf5 27.
Bc2 Nd6 28. b3 g5 29. Ke3 Nb5 30. Kd3 Ke5 31. a4 Nd6 32. Bd1 a5 33. Bc2 1/2-1/2

[Event "23rd 4NCL Congress"]
[Site "South Normanton"]
[Date "2019.10.06"]
[Round "4.3"]
[White "Tokeley, Rob"]
[Black "Jarvis, Derek A"]
[Result "1/2-1/2"]
[WhiteElo "1840"]
[BlackElo "1942"]
[PlyCount "79"]
[EventDate "2019.10.04"]

1. d4 d5 2. Nf3 Nf6 3. c4 e6 4. Nc3 Bb4 5. Bg5 h6 6. Bxf6 Qxf6 7. e3 O-O 8. Be2
dxc4 9. Bxc4 Nd7 10. Qb3 c5 11. a3 Bxc3+ 12. Qxc3 cxd4 13. Qxd4 Qxd4 14. Nxd4
Ne5 15. Be2 Bd7 16. O-O a6 17. Rfd1 Rfd8 18. Rd2 Kf8 19. Rad1 Ke7 20. f4 Nc6
21. Kf2 Nxd4 22. Rxd4 Bc6 23. Bf3 Rxd4 24. Rxd4 Rc8 25. Rd2 Bxf3 26. Kxf3 f5
27. e4 Rc4 28. e5 g5 29. g3 Rc5 30. Ke3 Rb5 31. b4 a5 32. Rd4 g4 33. Kd3 axb4
34. Rxb4 Rxb4 35. axb4 Kd7 36. Kc4 Kc6 37. b5+ Kc7 38. Kc5 b6+ 39. Kd4 Kd7 40.
Ke3 1/2-1/2

[Event "23rd 4NCL Congress"]
[Site "South Normanton"]
[Date "2019.10.06"]
[Round "4.4"]
[White "Davies, Peter L"]
[Black "Dean, Robert A"]
[Result "1/2-1/2"]
[WhiteElo "1933"]
[BlackElo "1750"]
[PlyCount "80"]
[EventDate "2019.10.04"]

1. d4 d5 2. c4 c6 3. Nf3 Nf6 4. g3 Nbd7 5. Bg2 e6 6. O-O Bd6 7. cxd5 exd5 8.
Nc3 O-O 9. Bf4 Qc7 10. Bxd6 Qxd6 11. Qc2 h6 12. Rad1 Re8 13. Nh4 Nb6 14. e3 Bg4
15. f3 Be6 16. e4 dxe4 17. fxe4 Ng4 18. Qc1 Nc4 19. Rfe1 Qb4 20. b3 Nb6 21. e5
h5 22. Ne4 Nd5 23. h3 Nh6 24. Qg5 Qe7 25. Qxh5 f5 26. Ng6 Qb4 27. Nd6 Rf8 28.
Bxd5 cxd5 29. Ne7+ Kh7 30. Nexf5 Bxf5 31. Nxf5 Rac8 32. Nxh6 gxh6 33. e6 Rg8
34. Qf5+ Kh8 35. Qe5+ Kh7 36. e7 Qc3 37. g4 Qxh3 38. Qf5+ Kh8 39. Qf6+ Kh7 40.
Qf5+ Kh8 1/2-1/2

[Event "23rd 4NCL Congress"]
[Site "South Normanton"]
[Date "2019.10.06"]
[Round "4.5"]
[White "Davies, Sam"]
[Black "Angheluta, Ovidiu"]
[Result "1-0"]
[WhiteElo "1720"]
[BlackElo "1858"]
[PlyCount "55"]
[EventDate "2019.10.04"]

1. d4 Nf6 2. c4 e6 3. Nc3 Bb4 4. f3 Bxc3+ 5. bxc3 c5 6. d5 Qa5 7. Bd2 d6 8. e4
O-O 9. Bd3 b5 10. Ne2 bxc4 11. Bxc4 Ba6 12. Bxa6 Qxa6 13. dxe6 fxe6 14. O-O d5
15. exd5 exd5 16. Bg5 Nbd7 17. Nf4 Qc6 18. Re1 Rfe8 19. Qc2 Rac8 20. Rad1 Qd6
21. Qf5 d4 22. cxd4 Rxe1+ 23. Rxe1 cxd4 24. Bxf6 Rc5 25. Qe6+ Qxe6 26. Nxe6
gxf6 27. Nxc5 Nxc5 28. Rd1 1-0

[Event "23rd 4NCL Congress"]
[Site "South Normanton"]
[Date "2019.10.06"]
[Round "4.6"]
[White "Whitehead, Mark A"]
[Black "Graham, Neil"]
[Result "1/2-1/2"]
[WhiteElo "1847"]
[BlackElo "1769"]
[PlyCount "39"]
[EventDate "2019.10.04"]

1. e4 e5 2. Nf3 Nf6 3. Nxe5 d6 4. Nf3 Nxe4 5. Qe2 Qe7 6. d3 Nf6 7. Bg5 Qxe2+ 8.
Bxe2 Be7 9. Nc3 c6 10. O-O Na6 11. a3 Nc7 12. Ne4 Nxe4 13. Bxe7 Kxe7 14. dxe4
Re8 15. Rfe1 Bg4 16. Nd4 Bxe2 17. Rxe2 Kf8 18. Rae1 g6 19. f3 Ne6 20. Nxe6+
1/2-1/2

[Event "23rd 4NCL Congress"]
[Site "South Normanton"]
[Date "2019.10.06"]
[Round "4.7"]
[White "Potter, Steven"]
[Black "Bryant, Richard Be"]
[Result "1/2-1/2"]
[WhiteElo "1720"]
[BlackElo "1845"]
[PlyCount "74"]
[EventDate "2019.10.04"]

1. d4 e6 2. e4 d5 3. e5 c5 4. c3 Nc6 5. Bb5 Bd7 6. Bxc6 Bxc6 7. Nf3 cxd4 8.
Nxd4 Bd7 9. O-O Bc5 10. Qg4 g6 11. Nd2 h5 12. Qf4 g5 13. Qe3 Nh6 14. N2b3 Be7
15. f4 g4 16. Qd3 Nf5 17. Nxf5 exf5 18. Be3 Be6 19. Rfe1 O-O 20. Rad1 Qc7 21.
Nd4 Qc8 22. Bf2 Rd8 23. Rd2 a6 24. Red1 b5 25. Qe3 Rb8 26. Rc2 Rd7 27. Qe1 Rc7
28. Bh4 Qd8 29. Bxe7 Qxe7 30. Qg3 Kh7 31. Qd3 Kg6 32. h3 Rh8 33. Qg3 Kh7 34.
Qd3 Qd7 35. Qg3 Qe7 36. Qd3 Qd7 37. Qg3 Qe7 1/2-1/2

[Event "23rd 4NCL Congress"]
[Site "South Normanton"]
[Date "2019.10.06"]
[Round "4.9"]
[White "Bromilow, Edward T"]
[Black "Hirst, Joe"]
[Result "0-1"]
[WhiteElo "1867"]
[BlackElo "1660"]
[PlyCount "62"]
[EventDate "2019.10.04"]

1. d4 d6 2. e4 Nf6 3. Nc3 c6 4. Nf3 Bg4 5. h3 Bh5 6. Bd3 e6 7. Bf4 Be7 8. Qe2
O-O 9. g4 Bg6 10. O-O-O b5 11. Rdg1 b4 12. Nd1 Qa5 13. Kb1 d5 14. exd5 Nxd5 15.
Bd2 Bxd3 16. Qxd3 Nd7 17. Ne5 Nxe5 18. dxe5 Rfd8 19. Qe2 c5 20. c4 bxc3 21.
Nxc3 Qb6 22. Nxd5 Rxd5 23. f4 c4 24. Bc3 Rd3 25. Rc1 a5 26. Rhd1 Rad8 27. Rxd3
Rxd3 28. Kc2 Qb5 29. Qg2 Rd5 30. Qe2 Bc5 31. b3 cxb3+ 0-1

[Event "23rd 4NCL Congress"]
[Site "South Normanton"]
[Date "2019.10.06"]
[Round "4.11"]
[White "Zheng, Harry Z"]
[Black "Lv, Jason"]
[Result "0-1"]
[WhiteElo "1765"]
[BlackElo "1498"]
[PlyCount "126"]
[EventDate "2019.10.04"]

1. e4 e5 2. Nf3 Nc6 3. Bc4 Bc5 4. c3 Nf6 5. d3 O-O 6. O-O d5 7. exd5 Nxd5 8.
Nbd2 Nb6 9. a4 a5 10. Bb5 Bf5 11. Bxc6 bxc6 12. Nxe5 Bxd3 13. Nxd3 Qxd3 14. Nb3
Qc4 15. Nxc5 Qxc5 16. Be3 Qf5 17. Qd4 Nd5 18. Qc5 Nxe3 19. Qxe3 Rab8 20. Qg3
Rxb2 21. Qxc7 Qc5 22. Rad1 Rbb8 23. Qg3 Rb3 24. Rd3 Ra3 25. Qd6 Qxd6 26. Rxd6
Rxc3 27. Rfd1 g6 28. f3 Rc4 29. R1d4 Rxd4 30. Rxd4 Rb8 31. Kf2 c5 32. Rd3 Rb4
33. Ra3 Kf8 34. Rc3 c4 35. Ke3 Rxa4 36. Kd4 Ke7 37. Kc5 Rb4 38. Ra3 Rb3 39.
Rxa5 c3 40. Ra1 Rb2 41. Rg1 Rd2 42. g3 c2 43. Rc1 Rxh2 44. Kd4 h5 45. Ke5 Re2+
46. Kf4 Kf6 47. g4 g5+ 48. Kg3 h4+ 49. Kh3 Ke5 50. f4+ Kxf4 51. Rxc2 Re3+ 52.
Kh2 Kxg4 53. Rg2+ Rg3 54. Rf2 f5 55. Kh1 Rf3 56. Rg2+ Kf4 57. Ra2 g4 58. Ra4+
Kg3 59. Ra1 Kh3 60. Rg1 g3 61. Rxg3+ Kxg3 62. Kg1 Rf2 63. Kh1 Rf1# 0-1

[Event "23rd 4NCL Congress"]
[Site "South Normanton"]
[Date "2019.10.06"]
[Round "4.12"]
[White "Zheng, Jerry Z"]
[Black "Clegg, Robert"]
[Result "0-1"]
[WhiteElo "1581"]
[BlackElo "1741"]
[PlyCount "190"]
[EventDate "2019.10.04"]

1. e4 e6 2. d4 d5 3. Nd2 Nf6 4. e5 Nfd7 5. Ngf3 c5 6. c3 Nc6 7. Bd3 Qb6 8. O-O
cxd4 9. cxd4 Nxd4 10. Nxd4 Qxd4 11. Nf3 Qb6 12. Qa4 Qb4 13. Qc2 Be7 14. Bd2 Qb6
15. Rac1 h6 16. Be3 Qd8 17. Qd2 Nb8 18. Nd4 Bd7 19. Bb5 a6 20. Bd3 Nc6 21. Nxc6
Bxc6 22. a3 d4 23. Bf4 g5 24. Bg3 h5 25. f3 Qd7 26. Bf2 Rd8 27. Rfd1 f5 28.
exf6 Bxf6 29. Bg6+ Kf8 30. Rc4 e5 31. Re1 Qg7 32. Be4 Bxe4 33. Rxe4 Rh7 34. Rc5
Qe7 35. Rc4 Qd6 36. Qd3 Rc7 37. Be1 Kg7 38. Bb4 Qd7 39. Ba5 Rxc4 40. Qxc4 Rc8
41. Qd3 Rc1+ 42. Re1 Qc6 43. Qd2 Rc2 44. Qb4 Rc4 45. Qd2 b6 46. Bb4 a5 47. Bxa5
bxa5 48. Qxa5 Kg6 49. Qd2 Rc2 50. Qd3+ Kh6 51. b4 Rc3 52. Qf5 Rxa3 53. h3 d3
54. Rd1 Bg7 55. Rxd3 Qc1+ 56. Kh2 Rxd3 57. Qxd3 Qf4+ 58. Kg1 Qxb4 59. Qa6+ Kh7
60. Qd3+ e4 61. Qxe4+ Qxe4 62. fxe4 Be5 63. Kf2 Kg6 64. Kf3 Kf6 65. h4 g4+ 66.
Kf2 Bd4+ 67. Ke2 Ke5 68. Kd3 Bf2 69. Ke2 Bxh4 70. Ke3 Bg5+ 71. Kd3 Bf4 72. Ke2
Kxe4 73. Kf2 Be3+ 74. Kg3 Bg5 75. Kh2 Kf4 76. Kg1 Kg3 77. Kh1 h4 78. Kg1 h3 79.
gxh3 Kxh3 80. Kh1 g3 81. Kg1 g2 82. Kf2 Kh2 83. Kf3 g1=Q 84. Ke4 Qe3+ 85. Kd5
Kg3 86. Kd6 Kf4 87. Kd5 Be7 88. Kc6 Qd4 89. Kb7 Qc5 90. Ka8 Qc6+ 91. Ka7 Bd8
92. Kb8 Bf6 93. Ka7 Bd4+ 94. Kb8 Qd7 95. Ka8 Qa7# 0-1